00515 2200205 4500001002100000005001500021008004100036020002200077035001900099041000700118082001100125090001700136100002000153700001700173245003600190250000600226260002700232300003600259650001400295INLIS00000000000787920241224113539241224||||||||| | ||| |||| || |  a978-979-29-2691-0 0010-1224007879 aid0 a639.31 a639.31 Cah k0 aCahyo Saparinto0 aRini Susiana00aKiat Sukses Budi Daya Ikan NIla a1 aYogyakartabandic2011 a21x14 cm, xii, 168 hlm.; ilus.: 0aPerikanan